| Tag |
First Indicator |
Second Indicator |
Subfields |
| LEADER |
00000cam a2200000 4500 |
| 001 |
in00000687713 |
| 005 |
20151015172401.0 |
| 008 |
750606s1950 pauac b 00000 eng u |
| 010 |
|
|
|a 50007417
|
| 035 |
|
|
|a (OCoLC)01376828
|
| 035 |
|
|
|9 ADA1832AM
|
| 040 |
|
|
|c DZM
|d TXA
|d UtOrBLW
|
| 049 |
|
|
|a TXAM
|c [183655]
|
| 050 |
0 |
0 |
|a F2136
|b .L3
|
| 082 |
0 |
|
|a 972.97
|
| 092 |
|
|
|a 972.97
|b L334v
|
| 100 |
1 |
|
|a Larsen, Jens Peter Mouritz.
|
| 245 |
1 |
0 |
|a Virgin Islands story ;
|b a history of the Lutheran State Church, other churches, slavery, education, and culture in the Danish West Indies, now the Virgin Islands.
|
| 264 |
|
1 |
|a Philadelphia :
|b Muhlenberg Press,
|c [1950]
|
| 300 |
|
|
|a xii, 250p :
|b illustrations, portraits ;
|c 21 cm.
|
| 336 |
|
|
|a text
|b txt
|2 rdacontent
|
| 337 |
|
|
|a unmediated
|b n
|2 rdamedia
|
| 338 |
|
|
|a volume
|b nc
|2 rdacarrier
|
| 504 |
|
|
|a Bibliographical footnotes.
|
| 650 |
2 |
0 |
|a Lutheran Church
|z Virgin Islands.
|
| 651 |
|
0 |
|a United States Virgin Islands
|x History.
|
| 999 |
|
|
|a MARS
|
| 999 |
f |
f |
|s c2da9b00-1820-3cbb-8e6d-4515c537d3c3
|i a2a41fa0-898f-32df-bd28-2e36c19b536e
|t 0
|
| 952 |
f |
f |
|p normal
|a Texas A&M University
|b College Station
|c Sterling C. Evans Library
|d Evans: Library Stacks
|t 0
|e F2136 .L3
|h Library of Congress classification
|i unmediated -- volume
|m A14801512887
|
| 998 |
f |
f |
|a F2136 .L3
|t 0
|l Evans: Library Stacks
|